| 000 | 00492nam a2200169Ia 4500 | ||
|---|---|---|---|
| 003 | IN-BaIIA | ||
| 008 | 211028s9999 xx 000 0 eng d | ||
| 040 | _cIIA Library | ||
| 080 |
_a551.583 _bFRA |
||
| 100 |
_aFrankenfield, H. C. _9449 |
||
| 245 | 4 |
_aThe floods of the spring of 1903, in the Mississippi watershed _cH. C. Frankenfield |
|
| 260 |
_aWashington _bWeather Bureau _c1904 |
||
| 300 | _a63p. | ||
| 650 | _aAstronomy and Astrophysics Thesaurus | ||
| 650 | _aClimatology | ||
| 942 | _cBK | ||
| 999 |
_c232 _d232 |
||